03184cam a22003735a 4500999001700000001000900017005001700026008004100043010001700084020003000101040003300131082001900164100002900183245011200212246002600324250001300350260006700363300003400430504005100464505048300515520135900998650003002357650003702387650003502424650003702459650004402496650004902540651001002589653002202599655001702621700001702638942000802655952014702663 c27282d272531849795220190324103724.0150219s2016 nyua frb 001 0 eng d a 2015004457 a9780415738156 (hardcover) aDLCbengcDLCdDLCdEG-ScBUE04a070.4bHER2221 aHernandez, Richard Koci.14aThe principles of multimedia journalism :bpackaging digital news /cRichard Koci Hernandez and Jeremy Rue.30aMultimedia journalism a1st. ed. aNew York ;aOxon :bRoutledge / Taylor & Francis group,c2016. axiv, 217 p. :bill. ;c24 cm. aIncludes bibliographical references and index.0 aIntroduction to digital news packages -- The evolution of the digital news package -- Classification of digital news packages -- Continuous packages (case study: The verge) -- Comprehensive (case study: Planet money, NPR) -- Immersive (case study: National Film Board of Canada Digital Studio) -- Intersections (case study: The New York times, The guardian, National geographic) -- Lean back, lean forward, stand up -- A major shift in approach -- Stepping back, moving forward. a"In this much-needed examination of the principles of multimedia journalism, experienced journalists Richard Koci Hernandez and Jeremy Rue systemize and categorize the characteristics of the new, often experimental story forms that appear on today's digital news platforms. By identifying a classification of digital news packages, and introducing a new vocabulary for how content is packaged and presented, the authors give students and professionals alike a way to talk about and understand the importance of story design in an era of convergence storytelling. Online, all forms of media are on the table: audio, video, images, graphics, and text are available to journalists at any type of media company as components with which to tell a story. This book provides insider instruction on how to package and interweave the different media forms together into an effective narrative structure. Featuring interviews with some of the most exceptional storytellers and innovators of our time, including web and interactive producers at the New York Times, NPR, The Marshall Project, The Guardian, National Film Board of Canada, and the Verge, this exciting and timely new book analyzes examples of innovative stories that leverage technology in unexpected ways to create entirely new experiences online that both engage and inform."-- Publisher information 7aJournalism.2BUEsh937800 7aOnline journalism.2BUEsh937766 7aInteractive multimedia.2BUEsh 7aJournalismvCase studies.2BUEsh 7aOnline journalismvCase studies.2BUEsh 7aInteractive multimediavCase Studies.2BUEsh 2BUEsh bCOMAMEcMarch2019 vReading book1 aRue, Jeremy. 2ddc 00102ddc40708BaccahaMAINbMAINcLOWd2019-03-24ePurchaseg1650.00l1o070.4 HERp000044461r2025-07-15 00:00:00s2022-10-26v2062.50yBB